|
|
|
|
| LEADER |
01719ngm a22003373a 4500 |
| 001 |
AAL9442 |
| 005 |
20171108111932.0 |
| 007 |
vd |||||| |
| 008 |
171108s1998 ir 088 | vlper |
| 999 |
|
|
|c 38557
|d 38557
|
| 010 |
|
|
|a 2006406071
|
| 040 |
|
|
|a DLC
|c DLC
|e amim
|d DLC
|d BD-DhAAL
|
| 082 |
|
|
|a 791.43/617
|
| 245 |
0 |
0 |
|a Children of heaven /
|c The Institute for the Intellectual Development of Children & Young Adults ; directed and written by Majid Majidi ; produced by Amir Esfandiari and Mohammad Esfandiari.
|
| 246 |
1 |
|
|i Title from Internet movie database website:
|a Bacheha-ye aseman
|
| 246 |
1 |
|
|i Alternate title:
|a Bachchahʹhā-yi asamān
|
| 257 |
|
|
|a Iran.
|
| 260 |
|
|
|a United States :
|b Miramax :
|b Buena Vista Home Entertainment,
|c 1998.
|
| 300 |
|
|
|a 1 videodisc of 1 (DVD) (ca. 88 min.) :
|b sd., col. ;
|c 4 3/4 in.
|3 viewing copy.
|
| 500 |
|
|
|a Summary from container.
|
| 500 |
|
|
|a Not viewed.
|
| 500 |
|
|
|a Source used: DVD container, Internet movie database.
|
| 511 |
1 |
|
|a Mohammad Amir Naji, Amir Farrokh Hashemian, Bahare Seddiqi.
|
| 520 |
|
|
|a Zohre's shoes are gone; her older brother Ali lost them. They are poor, there are no shoes for Zohre until they come up with an idea: they will share one pair of shoes, Ali's. School awaits. Will the plan succeed?
|
| 546 |
|
|
|a Persian with English language subtitles.
|
| 655 |
|
7 |
|a Comedy films.
|2 lcgft
|9 23685
|
| 655 |
|
7 |
|a Feature films.
|2 lcgft
|9 23686
|
| 655 |
|
7 |
|a Family
|v Feature.
|2 migfg
|9 23687
|
| 710 |
2 |
|
|a LC Purchase Collection (Library of Congress)
|5 DLC
|9 23688
|
| 942 |
|
|
|2 ddc
|c AV
|
| 952 |
|
|
|0 0
|1 0
|2 ddc
|4 0
|6 791_430000000000000_617_CHI
|7 0
|9 61834
|a SCL
|b SCL
|c AV
|d 2017-11-08
|g 70.00
|l 0
|o 791.43617 CHI
|p 4020009442
|r 2017-11-08
|t 1
|w 2017-11-08
|y AV
|